| 000 | 01267cam a2200373 4500 | ||
|---|---|---|---|
| 008 | 000000n2000 000 0 eng u | ||
| 020 | _a0582405203 | ||
| 035 | _a(Sirsi) u108429 | ||
| 041 | _aeng | ||
| 050 | _a690 | ||
| 100 | _aFoster, Jack Stroud | ||
| 245 | _aStructure and fabric: part 2 | ||
| 250 | _a6th ed. | ||
| 260 |
_aHarlow, Essex _bLongman _c2000 |
||
| 300 | _aviii,375p; 25cm. | ||
| 350 | _a24.99 | ||
| 490 | _aMitchell's Building Series | ||
| 490 |
_aMitchell's Structure and Fabric _vPart 2 |
||
| 520 | _aSuperseded by 7th edition (9780131970960). | ||
| 650 | _aCHIMNEYS | ||
| 650 | _aCONTRACT PLANNING | ||
| 650 | _aFIRE PROTECTION | ||
| 650 | _aBUILT ENVIRONMENT-BUILDING ELEMENTS-COMPLETE BUILDING ELEMENTS-FLOORS | ||
| 650 | _aBUILT ENVIRONMENT-BUILDING ELEMENTS-COMPLETE BUILDING ELEMENTS-FOUNDATIONS | ||
| 650 | _aMECHANICAL PLANT | ||
| 650 | _aMULTI-STOREY | ||
| 650 | _aPIERS | ||
| 650 | _aBUILT ENVIRONMENT-BUILDING ELEMENTS-COMPLETE BUILDING ELEMENTS-ROOFS | ||
| 650 | _aBUILT ENVIRONMENT-BUILDING ELEMENTS-COMPLETE BUILDING ELEMENTS-STAIRS | ||
| 650 | _aBUILT ENVIRONMENT-BUILDING ELEMENTS-COMPLETE BUILDING ELEMENTS-WALLS | ||
| 690 | _aBUILT ENVIRONMENT | ||
| 700 | _aHarington, Raymond | ||
| 942 | _n0 | ||
| 999 |
_c100788 _d100788 |
||